NFL Top 100 All-Time: Interceptions Thrown - Statistics

General Stats
  • This quiz has been taken 413 times
    97 since last reset
  • The average score is 47 of 100
Answer Stats
# Player INTs % Correct
T22 Tom Brady 212
98%
1 Brett Favre 336
94%
T90 Aaron Rodgers 123
93%
9 Peyton Manning 251
92%
48 Archie Manning 173
90%
12 Eli Manning 244
90%
73 Joe Montana 139
81%
T22 Philip Rivers 212
80%
T99 Russell Wilson 114
80%
8 Dan Marino 252
77%
24 Ben Roethlisberger 211
76%
T33 Matthew Stafford 196
76%
T49 Joe Flacco 172
75%
T13 Drew Brees 243
73%
T20 Joe Namath 220
73%
T40 Matt Ryan 183
72%
T74 Bart Starr 138
71%
17 John Elway 226
69%
5 Fran Tarkenton 266
67%
T46 Jim Kelly 175
67%
T85 Kurt Warner 128
67%
T95 Tony Romo 117
66%
T70 Troy Aikman 141
66%
7 Johnny Unitas 253
65%
25 Terry Bradshaw 210
65%
T37 Carson Palmer 187
64%
T95 Donovan McNabb 117
64%
63 Andy Dalton 151
61%
16 Warren Moon 233
61%
T92 Brad Johnson 122
60%
43 Charley Johnson 181
60%
28 Drew Bledsoe 206
59%
T90 Cam Newton 123
57%
T58 Jay Cutler 160
57%
T58 Ken Anderson 160
55%
83 Kirk Cousins 131
55%
T99 Trent Green 114
54%
39 Boomer Esiason 184
53%
2 George Blanda 277
53%
T74 Joe Theismann 138
53%
78 Otto Graham 135
53%
51 Ryan Fitzpatrick 169
53%
94 Steve McNair 119
53%
4 Vinny Testaverde 267
53%
62 Matt Hasselbeck 153
52%
15 Dan Fouts 242
51%
98 Ryan Tannehill 115
51%
19 Ken Stabler 222
49%
61 Phil Simms 157
48%
T79 Randall Cunningham 134
48%
T49 Bob Griese 172
47%
T33 Kerry Collins 196
47%
T81 Danny White 132
46%
32 Jim Plunkett 198
46%
T40 Len Dawson 183
42%
45 Norm Van Brocklin 178
41%
11 Jim Hart 247
40%
10 Y.A. Tittle 248
40%
30 Sammy Baugh 203
39%
36 Sonny Jurgensen 189
39%
84 Trent Dilfer 129
39%
T64 Brian Sipe 149
37%
31 Dave Krieg 199
37%
T46 Jim Everett 175
37%
3 John Hadl 268
35%
T64 Roman Gabriel 149
35%
54 Ron Jaworski 164
35%
T95 Jim Harbaugh 117
34%
87 Milt Plum 127
34%
T55 Jake Plummer 161
33%
T37 Craig Morton 187
31%
T81 Sid Luckman 132
31%
T74 Ed Brown 138
30%
T13 Bobby Layne 243
29%
T67 Chris Chandler 146
29%
26 Joe Ferguson 209
29%
53 Jon Kitna 165
29%
T70 Jim Zorn 141
28%
18 John Brodie 224
28%
29 Steve DeBerg 204
28%
60 Tommy Kramer 158
28%
T55 Dan Pastorini 161
27%
T74 Daryle Lamonica 138
27%
69 Steve Bartkowski 144
27%
27 Steve Grogan 208
27%
T67 Billy Kilmer 146
25%
66 Earl Morrall 148
25%
44 Lynn Dickey 179
24%
6 Norm Snead 257
20%
T40 Jack Kemp 183
19%
T55 Richard Todd 161
19%
T20 Babe Parilli 220
18%
52 Charlie Conerly 167
18%
T85 Bob Waterfield 128
11%
T88 Bobby Hebert 124
10%
35 Tobin Rote 191
10%
T79 Billy Wade 134
6%
T88 Frank Tripucka 124
6%
T70 Eddie LeBaron 141
4%
T92 Zeke Bratkowski 122
4%
No matching quizzes found
Score Distribution
Percent of People with Each Score
Percentile by Number Answered
Your Score History
You have not taken this quiz since the last reset